Priemyselná politika EÚ - staré nástroje v novom šate?

Príspevok sa koncentruje na ostatný vývoj priemyselnej politiky v krajinách EÚ v kontexte so štrukturálnou adaptáciou na nové podmienky ako nevyhnutného predpokladu zmiernenia dopadov krízy. Priemyselná politika versus "neviditeľná ruka trhu".

Salvato in:
Dettagli Bibliografici
Autore principale: Nemcová, Edita
Natura: Capitolo di libro
Lingua:slovacco
Soggetti:
Tags: Aggiungi Tag
Nessun Tag, puoi essere il primo ad aggiungerne!!

MARC

LEADER 00000nla$a2200000$$$4500
001 0147302
005 20221103134123.8
041 0 |a slo 
044 |a SK 
245 1 0 |a Priemyselná politika EÚ - staré nástroje v novom šate?  |c Edita Nemcová 
520 |a Príspevok sa koncentruje na ostatný vývoj priemyselnej politiky v krajinách EÚ v kontexte so štrukturálnou adaptáciou na nové podmienky ako nevyhnutného predpokladu zmiernenia dopadov krízy. Priemyselná politika versus "neviditeľná ruka trhu". 
610 2 0 |a priemysel 
610 2 0 |a politika priemyselná 
610 2 0 |a Európska únia 
610 2 0 |a konkurencieschopnosť 
610 2 0 |a kríza hospodárska 
100 1 |a Nemcová, Edita